00490nam a2200145 a 450000100100000000500170001000800410002704000250006810000280009324500500012126000440017130000250021550000700024050000340031000003941920201002031636.0130626s2007 dr ac 000 0 spa d aDO-SdBNPbspacBNPHU1 aLeón Bello, Freddy de10aHistoria de Yamasa /cFreddy de León Bello. a[Santo Domingo] :bSena Pérez,c2007. av. :bils. ;c23 cm. aIncluye datos biográficos del autor en la solapa de la cubierta aLa biblioteca posee el tomo I